000
00257 a2200121 4500
001
68179
082
_a
891.4393 QUR
090
_c
38652
_d
38652
100
_a
Quratul Ain Haider
245
_a
Aag Ka Darya
260
_b
Sange Meel
600
_a
Qurat ul
942
_a
NUST-CAE
_k
891.4393 QUR
999
_c
303252
_d
303252